000 00403nam a22001337a 4500
020 _a978-93-81626-40-5
082 _a823
_bCAN/C
100 _aJACK CANFIELD, MARK VICTOR HANSEN, AARTI KATOCH PATHAK
245 _aCHICKEN SOUP FOR INDIAN SOUL
_bTEENS TALK GROWING UP
260 _aINDIA
_bWESTLAND LTD
_c2011
300 _a383
650 _aMEETING CHALLENGES AND LEARNING FROM LIFE
_zUNITED STATES
942 _cBK
999 _c28
_d28